<?xml version="1.0" encoding="UTF-8"?>
<marc:record xmlns:marc="http://www.loc.gov/MARC21/slim">
   <marc:leader>00000nam a2200000 a 4500</marc:leader>
   <marc:datafield ind1="0" ind2="0" tag="245">
      <marc:subfield code="a">Papperlapapp Heft 6: Thema Bienen</marc:subfield>
   </marc:datafield>
   <marc:datafield ind1="0" ind2="0" tag="245">
      <marc:subfield code="b">die zweisprachige Bilderbuchzeitschrift für Kinder ab 5 Jahren; Dvojezicna slikovnica za d(j)edu petogodisnjeg uzrasta i vise. Tema: pcela</marc:subfield>
   </marc:datafield>
   <marc:datafield ind1=" " ind2="1" tag="264">
      <marc:subfield code="a">Wien</marc:subfield>
      <marc:subfield code="b">Papperlapapp</marc:subfield>
      <marc:subfield code="c">2017</marc:subfield>
   </marc:datafield>
   <marc:datafield ind1=" " ind2=" " tag="250">
      <marc:subfield code="a">2017 / 06</marc:subfield>
   </marc:datafield>
   <marc:datafield ind1="1" ind2=" " tag="520">
      <marc:subfield code="a">Bienen sind die wichtigsten Nutztiere unserer Erde. Für Papperlapapp Grund genug, diesen kleinen Geschöpfen eine eigene Ausgabe zu widmen: Heft Nr. 6 stellt die Wunderwerke der Bienen vor, die sie für uns Menschen vollbringen. &lt;br/&gt;&lt;br/&gt;In Bienchen, Blumen, Blütenstaub erlebt Flora auf dem Rücken der Biene Lolli eine spannende und lehrreiche Reise in die Welt der Honigbienen. Kleine Faktboxen bereichern die fantasievollen Illustrationen und nähren mit Detailwissen die besonders neugierigen Leserinnen und Leser. Die Geschichte Wie kommt der Honig ins Glas? gibt Einblick in die Arbeit der Imkerin Emma. Wer dem Beispiel von Oli + Grant folgt, wird bald Freude an einer Blumenwiese haben. Mehr noch: auch das gute Gefühl, die Honigbienen bei ihrer Suche nach gesunder Nahrung tatkräftig zu unterstützen.</marc:subfield>
   </marc:datafield>
   <marc:datafield ind1="1" ind2=" " tag="521">
      <marc:subfield code="a">0</marc:subfield>
   </marc:datafield>
   <marc:datafield ind1=" " ind2=" " tag="300">
      <marc:subfield code="a">39 S.</marc:subfield>
   </marc:datafield>
</marc:record>
